000 00449cam a2200181ua 4500
020 _c$5.00
041 _aeng
_h
082 _a330.1
_bMYR/VA
100 _aMyrdal, Gunnar .
245 _aValue in social theory /
_cGunnar Myrdal.
_hTextual Documents
250 _a2 /
_b.
260 _aNewyork :
_bHarper and brothers publishers ,
_c1958.
300 _a269 ; .
365 _a$5.00
504 _a
942 _cBK
999 _c12104
_d12104